Koľko prerobil štyridsiatnik, ktorý na začiatku kariéry celý plat hneď minul

Salvato in:
Dettagli Bibliografici
Autore principale: Škriniar, Pavel, 1979-
Natura: Capitolo di libro
Lingua:slovacco
Soggetti:
Tags: Aggiungi Tag
Nessun Tag, puoi essere il primo ad aggiungerne!!

MARC

LEADER 00000naa a2200000 4500
001 0264320
005 20240502074206.4
041 0 |a slo 
044 |a SK 
245 1 0 |a Koľko prerobil štyridsiatnik, ktorý na začiatku kariéry celý plat hneď minul  |c Pavel Škriniar 
610 2 0 |a príjmy 
610 2 0 |a sporenie dôchodkové 
610 2 0 |a dôchodky starobné 
100 1 |a Škriniar, Pavel, 1979-